Controlled radical (photo)polymerizations of vinyl monomers

Salvato in:
Dettagli Bibliografici
Autore principale: Gurská, Mária (Autore)
Altri autori: Mosnáček, Jaroslav (Relatore della tesi)
Natura: Manoscritto Libro
Lingua:slovacco
inglese
Pubblicazione: 2025
Soggetti:
Accesso online:http://is.stuba.sk/zp/portal_zp.pl?podrobnosti=165487
Tags: Aggiungi Tag
Nessun Tag, puoi essere il primo ad aggiungerne!!

MARC

LEADER 00000ntm a22000003a 4500
001 stuzp82084
003 SK-STU
005 20250329210255.3
007 ta
008 150427s2015----xo-----f-mn---000-0-slo-d
040 |a STU  |b slo 
041 0 |a eng 
100 1 |a Gurská, Mária  |u 048140  |4 aut  |U FCHPT Ústav organickej chémie, katalýzy a petrochémie  |T FCHPT Oddelenie organickej chémie  |X 81930  |U C8140  |Y 124  |7 81930 
242 0 1 |a Riadené radikálové (foto)polymerizácie vinylových monomérov  |y slo 
245 1 0 |a Controlled radical (photo)polymerizations of vinyl monomers 
260 |c 2025 
650 4 |a foto-ATRP  |2 slo 
650 4 |a NMP  |2 slo 
650 4 |a naftalénimidové iniciátory  |2 slo 
650 4 |a furánové polyméry  |2 slo 
650 4 |a Passerini  |2 slo 
650 4 |a Passerini  |2 eng 
650 4 |a photo-ATRP  |2 eng 
650 4 |a NMP  |2 eng 
650 4 |a naphthalene imide initiators  |2 eng 
650 4 |a furan polymers  |2 eng 
700 1 |a Mosnáček, Jaroslav  |4 ths  |X 61944  |7 61944 
856 4 |u http://is.stuba.sk/zp/portal_zp.pl?podrobnosti=165487